Statistiques concernant Effectif Olympique de Marseille 2023/2024

Cliquez ici pour prendre le quiz!

Statistiques générales

  • Ce quiz a été pris 2 441 fois
    (287 depuis la dernière actualisation)
  • Le résultat moyen est 23 sur 27

Statistiques - réponses

PosteNuméroPaysJoueur% Correct
G16EspagnePau López
99%
MIL11MarocAmine Harit
97%
ATT10GabonPierre-Emerick Aubameyang
97%
DEF99RD CongoChancel Mbemba
96%
DEF7FranceJonathan Clauss
96%
MIL8MarocAzzedine Ounahi
95%
COACH-FranceJean-Louis Gasset
95%
DEF5ArgentineLeonardo Balerdi
95%
MIL27FranceJordan Veretout
94%
DEF4FranceSamuel Gigot
93%
MIL21FranceValentin Rongier
92%
ATT29SénégalIliman Ndiaye
89%
ATT23SénégalIsmaïla Sarr
89%
MIL19République CentrafricaineGeoffrey Kondogbia
88%
G36EspagneRubén Blanco
88%
ATT20ArgentineJoaquín Correa
87%
ATT44BrésilLuis Henrique
87%
DEF62PanamaMichael Murillo
83%
MIL22SénégalPape Gueye
83%
DEF3FranceQuentin Merlin
83%
DEF18Côte d'IvoireBamo Meïté
78%
ATT14CamerounFaris Moumbagna
77%
DEF6SuisseUlisses Garcia
77%
MIL17CamerounJean Onana
74%
MIL37AngleterreEmran Soglo
73%
G1CamerounSimon Ngapandouetnbu
62%
MIL34FranceBilal Nadir
61%

Distribution des résultats

Percentile par nombre de réponses

% des personnes avec chaque résultat

Votre développement - résultats

Vous n’avez pas pris ce quiz depuis la dernière actualisation